000 00861nas a2200301 4500
001 BR9902627
003 BR-BrBNA
005 20231205101426.0
007 ta
008 230509b bl.|||p| |||| 00| 00por d
040 _aBR-BrBNA
_bpor
_cBiblioteca Nacional de Agricultura
041 _a(Pt)
072 _aL10
100 1 _aSchmidt, G.S.
100 1 _aMunari, D.P.
100 1 _aFigueiredo, E.A.P. de
100 1 _aZanotto, D.L.
100 1 _aLedur, M.C.
245 1 _aMudancas geneticas em linhas puras de frango de corte
650 _aFrango de Corte
650 _aSelecao Genetica
650 _aLinhagem
650 _aCarcaca
650 _aRendimento
773 0 _tPesquisa Agropecuaria Brasileira (Brazil)
_xISSN 0100-204X
_g(Apr 1999), v. 34(4) p. 623-627
_wBR9902627
909 _a202311
_bLúcia
_c55
_dLúcia Elande
942 _2AGRIS
_n0
_cANA
999 _c161757
_d161757